000 00392nam a2200169Ia 4500
100 _aCrooks/clayton E
650 _aVisual Basic
942 _cBK
366 _f20
654 _avisual basic.net
245 _aLearning Visual basic.NET through applications
260 _bFirewall India
_aMumbai
_c2007
082 _a005.133/CRO
_bCRO
300 _a439
546 _aENGLISH
999 _c25870
_d25870